| 000 | 00507nam a2200181 a 4500 | ||
|---|---|---|---|
| 005 | 20240815063715.0 | ||
| 008 | 991125s1987 mx 000 0 spa u | ||
| 035 | _aUPN01000032952 | ||
| 049 | _aI | ||
| 050 | 4 |
_aQL737 C23 _bJ33 |
|
| 245 | 0 | 3 | _aEl jaguar. |
| 260 |
_aMéxico : _bSEDUE, _c1987. |
||
| 300 |
_a[16] p. : _bfots., col. |
||
| 650 | 4 |
_aAnimales _xHábitos y comportamiento _91059 |
|
| 650 | 4 |
_aANIMALES Y PLANTAS - _xDISTRIBUCION GEOGRAFICA _94744 |
|
| 650 | 4 |
_aJAGUARES _924919 |
|
| 905 | _aInfantil | ||
| 999 |
_c32952 _d32952 |
||